Bruzz Inside Jokes Quiz - Statistics

General Stats
  • This quiz has been taken 3 times
  • The average score is 9 of 14
Answer Stats
Hint Answer % Correct
Newest member Abdu
100%
Max's 3rd ex GF Chloe
100%
Best relationship John and Abbie
100%
Tallest Max
100%
Helps Dri See Sports Glasses
100%
Max's 2nd ex GF Annikah
67%
Nickname Dri
67%
Best mom Momma Ped
67%
Max's ex GF Nadia
67%
Year Bruzz was assembled 7th Grade
33%
Largest gc Bruzz V4
33%
2 oldest members John and Dri
33%
Best hangout spot John's house
33%
Biggest arugment Lebron vs Jordan
33%
No matching quizzes found
Score Distribution
Percent of People with Each Score
Percentile by Number Answered
Your Score History
You have not taken this quiz